How Many Films From The 1990s can you name - Statistics

General Stats
  • This quiz has been taken 48 times
  • The average score is 22 of 100
Answer Stats
Director or Cast Member Year Answer % Correct
James Cameron 1997 Titanic
73%
Mel Gibson 1995 Braveheart
57%
Tim Burton 1990 Edward Scissorhands
54%
Martin Scorsese 1990 Goodfellas
54%
John Schuamancher 1995 Batman Forever
51%
Steven Spielberg 1993 Schindlers List
51%
Chris Columbus 1990 Home Alone
49%
Steven Spielberg 1993 Jurassic Park
49%
Steven Spielberg 1998 Saving Private Ryan
49%
Robert Zemeckis 1994 Forrest Gump
43%
Sam Mendes 1999 American Beauty
41%
Quentin Tarantino 1992 Reservoir Dogs
41%
Wes Craven 1996 Scream
41%
Lana Wachowski 1999 The Matrix
41%
Roger Allers 1994 The Lion King
38%
Henry Selick 1993 The Nightmare Before Christmas
38%
John Lassetter 1995 Toy Story
38%
Ron Clements 1992 Aladdin
35%
Gary Trousdale; Kirk Wise 1991 Beauty & The Beast
35%
Berry Sonnenfield 1997 Men In Black
35%
Johnathon Demme 1991 Silence Of The Lambs
35%
Oliver Stone 1991 JFK
32%
David Fincher 1995 Seven
32%
Keanu Reeves 1994 Speed
32%
Clint Eastwood 1992 Unforgiven
32%
Ron Howards 1995 Apollo 13
30%
Tim Burton 1992 Batman Returns
30%
David Fincher 1999 Fight Club
30%
Roland Emmerich 1996 Independence Day
30%
George Lucas 1999 Star Wars: The Phantom Menace
30%
James Cameron 1991 Terminator 2: Judgement Day
27%
Jerry Zucker 1990 Ghost
24%
Pierce Brosnan 1995 Golden Eye
24%
Cameron Crowe 1996 Jerry Maguire
24%
Brian De Palma 1996 Mission: Impossible
24%
Joel Coen 1997 The Big Lebowski
24%
Michael Bay 1996 The Rock
24%
Frank Darabont 1994 The Shawshank Redemption
24%
Terrence Malik 1998 The Thin Red Line
24%
John Lassetter 1998 A Bugs Life
22%
Paul Verhoeven 1992 Basic Instinct
22%
Martin Scorsese 1991 Cape Fear
22%
Jon Musker; Ron Clements 1997 Hercueles
22%
Luc Besson 1994 Leon: The Professional
22%
Tim Burton 1996 Mars Attack
22%
Mike Gabriel 1995 Pocahontas
22%
Luc Besson 1997 The Fifth Element
22%
Frank Darabont 1999 The Green Mile
22%
Peter Weir 1998 The Truman Show
22%
Bryan Singer 1995 The Usual Suspects
22%
Pierce Brosnan 1997 Tomorrow Never Dies
22%
Kevin Reynolds 1995 Waterworld
22%
James L Brooks 1997 As Good As It Gets
19%
Peter Farrelly 1994 Dumb & Dumber
19%
Gus Van Sant 1997 Good Will Hunting
19%
Neil Jordan 1994 Interview With The Vampire
19%
Rob Reiner 1990 Misery
19%
Barry Cook 1998 Mulan
19%
Mick Jackson 1992 The Bodyguard
19%
Chuck Russell 1994 The Mask
19%
Paul Verhoeven 1990 Total Recall
19%
Tom Shadyac 1997 Liar Liar
16%
Garry Marshall 1990 Pretty Woman
16%
Eddie Murphy 1996 The Nutty Professor
16%
Wolfgang Peterson 1997 Air Force One
14%
Tony Kaye 1998 American History X
14%
John Madden 1998 Shakespeare In Love
14%
Peter Cattaneo 1997 The Full Monty
14%
Gary Trousdale 1996 The Hunchback Of Notre Dame
14%
Jan De Bont 1996 Twister
14%
Luis Llosa 1997 Anaconda
11%
Don Bluth 1997 Anastasia
11%
Paul Thomas Anderson 1997 Boogie Nights
11%
Kevin Costner 1990 Dancing With Wolves
11%
James V Hart 1991 Hook
11%
Johnathon Hensleigh 1995 Jumanji
11%
Roberto Benigni 1997 La Vita E Bella
11%
Clint Eastwood 1995 The Bridges Of Madison County
11%
Micheal Mann 1992 The Last Of The Mohicans
11%
Danny Boyle 1996 Transpotting
11%
Tommy Lee Jones 1997 Volcano
11%
Brad Silberling 1995 Casper
8%
Phillip Noyce 1994 Clear & Present Danger
8%
Pierce Borsnan 1997 Dante's Peak
8%
Robert Duvall 1998 Deep Impact
8%
Joe Pytka 1996 Space Jam
8%
Brian Levant 1994 The Flintstones
8%
Brenda Chapman 1998 The Prince Of Egypt
8%
Eric Darnell 1998 Antz
5%
Micheal Bay 1998 Armegeddon
5%
Renny Harlin 1995 Cutthroat Island
5%
Steven Spielberg 1997 Jurassic Park: The Lost World
5%
P.J Hogan 1997 My Best Friends Wedding
5%
Daniel Myrich 1999 The Blair Witch Project
5%
Stephen Herek 1996 101 Dalmations
3%
Ron Howard 1996 Random
3%
Hendel Butoy 1990 Rescuers Down Under
3%
Abbas Kairostami 1997 Taste Of Cherry
3%
John Mcteirman 1995 Die Hard With Vengence
0%
Quentin Tarantino 1994 Pulp Friction
0%
No matching quizzes found
Score Distribution
Percent of People with Each Score
Percentile by Number Answered
Your Score History
You have not taken this quiz